| Virtuální polytechnická knihovna - Souborný katalog - Úplný záznam dokumentu - MARC |
Uživatel: --- |
-----nas 22-----zu 4500
001 SKVPK0031883
003 CZ-VPK
005 20260423091942.0
008 260423u1877uuuu||||| | ||| || |||||||
022 $a0029-7704
040 $aABA013$bcze
222 0$aObservatory
245 00$aObservatory
260 $aVelká Británie :$bLondon : Taylor and Francis,$c1877-
650 07$aastronomie$xas$2psh
910 $aABA013$r1943-1945
| středa 13.05.2026 19:20:48 |
© 2001-2015 Národní technická knihovna |
[Virtuální polytechnická knihovna]
[Servisní centrum]
[Souborný katalog]